000 00436nam a2200181Ia 4500
001 19657
005 20260306172709.0
008 260306t2001||||xx |||||||||||||| ||spa||
041 _aESP
082 _a340.92
_bH96
100 _aAltuve-Febres Lores, Fernán
_eAUT
245 0 _aHomenaje a Don Álvaro d´Ors
260 _c2001
300 _a197 páginas :
_c21 cm.
650 _aGEN
654 _aCDE
942 _cLIB
_dJUS
_fJUS
_2ddc
_n
999 _c19657
_d19657